| 000 | 01514nam a22002537a 4500 | ||
|---|---|---|---|
| 005 | 2011040604174.0 | ||
| 020 |
_a8182633710 _c25.00 |
||
| 035 | _aB-432329-333 | ||
| 037 |
_aDPL _bBlue Berry |
||
| 082 | _aS | ||
| 100 |
_aBanerji, Rukmini _929802 |
||
| 245 |
_aMimi and the Buffalo / _cby Rukmini Banerji; illustrated by Santosh Pujari and Ketan Raut; English Translation by Dhruv Gopinath |
||
| 250 | _a2nd | ||
| 260 |
_aNew Delhi _bPratham Books _c2009 |
||
| 270 |
_a633-634,4th "C" Main,6th 'B' Cross, OMBR Layout Banaswadi, _bBangalore _e560043 _k911141042483 (New Delhi) |
||
| 300 |
_a28p. _bill. _c13 cm.(pbk) |
||
| 942 |
_2ddc _cCH _hS _mBAN |
||
| 999 |
_c51452 _d51452 |
||